000 00994cab a2200253 4500
001 X89813
008 090401t1998 xxu||||| |||| 00| 0 eng d
035 _a(Sirsi) u84260
041 _aeng
245 _aMcAlpine v Panatown
260 _c1998
350 _a0
490 _aNew Property Cases
_v[1998] NPC 17 (3)
520 _aCA 5 February 1998. Contract -damages - employer under building contract sought to recover substantial damages from contractor for defective work. Employer was not building owner. Separate contract between contractor and building owner. Whether employer could recover substantial damages on behalf of building owner. HEADNOTE FROM JOURNAL - DONT PHOTOCOPY.
650 _aALFRED MCALPINE CONSTRUCTION LTD V PANATOWN LTD
650 _aDAMAGES
650 _aDEFECTIVE WORKS
650 _aDESIGN AND BUILD CONTRACT
650 _aLIABILITY
650 _aTHIRD PARTIES
690 _aBUILDING AND CONSTRUCTION-CASE LAW
942 _n0
948 _c16/02/1998
999 _c52944
_d52944